Types of Conifer Trees - Statistics

General Stats
  • This quiz has been taken 152 times
  • The average score is 5 of 8
Answers on the Grid
Answers color-coded by a green-red scale on the quiz's grid according to % correct below.
Cedar
Oak
Hemlock
Pine
Holly
Redwood
Mahogany
Aspen
Spruce
Bonsai
Sequoia
Beech
Douglass Fir
Apple
Palm
Bald Cypress
 
Answer Stats
Answer % Correct
Douglass Fir
81%
Pine
80%
Spruce
80%
Cedar
64%
Redwood
62%
Sequoia
62%
Bald Cypress
54%
Hemlock
35%
No matching quizzes found
Score Distribution
Percent of People with Each Score
Percentile by Number Answered
Your Score History
You have not taken this quiz